000 00303nam a2200097Ia 4500
008 220204s9999 xx 000 0 und d
082 _a354
_bCIV
245 0 _aCivil list: Indian administrative service and Indian Police Service (as on 1st January, 1957)
260 _bMinistry of Home affairs
942 _cBK
999 _c19816
_d19816